000 00748nam a2200217Ii 4500
003 JO-AjNU
008 230605s9999||||xx |||||||||||||| ||und||
017 _a2004/19842
020 _a977-271-710-7
040 _aJO-AjNU
_bara
_erda
_cJO-AjNU
041 _aara
050 1 4 _aHB61.2004
100 3 _aفؤاد، عصام محمد,
_eauthor
_930630
245 0 0 _aالقاموس الشامل فى المصطلحات التجارية = The Comprehensive Commercial Dictionary
264 3 1 _aالرياض: مكتبة ابن سيناللطبع والنش، 2004
300 _a239ص
336 _atext
_btxt
_2rdacontent
337 _aunmediated
_bn
_2rdamedia
338 _avolume
_bnc
_2rdacarrier
650 4 _aمصطلحات تجارية
_930631
999 _aA12164
_c15732
_d15732